Random History Quiz - Statistics

General Stats
  • This quiz has been taken 43 times
  • The average score is 11 of 14
Answer Stats
Hint Answer % Correct
English physicist who discovered gravity Isaac Newton
97%
French military leader that conquered much of Europe Napoleon
97%
Built an ark for two of every animal Noah
97%
English king that had two of his six wives executed Henry VIII
94%
Painted Starry Night Vincent Van Gogh
94%
His assassination led to WWI Franz Ferdinand
91%
German National Socialist party in power during WWII Nazi
91%
Father of the man best known for his natural selection theory Erasmus Darwin
89%
Russian mystic who acted as the tsar's advisor in the early 1900s Rasputin
83%
An Italian poet who wrote a canticle linked to the word 'flames' Dante
66%
President of North Vietnam in mid 1900s Ho Chi Minh
63%
American president that served 2 terms during the Cold War Dwight D. Eisenhower
54%
Name of the king that ordered death of newborn boys Herod
51%
Last tsar of Russia Nicholas II Romanov
23%
No matching quizzes found
Score Distribution
Percent of People with Each Score
Percentile by Number Answered
Your Score History
You have not taken this quiz